Aprendiendo programación para e-commerce con ASP en 21 días

Salvato in:
Dettagli Bibliografici
Autori principali: Walther, Stephen (Autore), Levine, Jonathan (Autore)
Natura: Libro
Lingua:spagnolo
Pubblicazione: Ciudad de México Pearson Educación 2001
Soggetti:
Tags: Aggiungi Tag
Nessun Tag, puoi essere il primo ad aggiungerne!!

MARC

LEADER 00000nam a2200000 a 4500
001 UCM1466
003 CL-VaPUC
008 020404e20010000MX |||||||||||||||||spa|d
082 0 4 |a 004.6  |b WAL  |2 21 
100 0 |a Walther, Stephen  |e author  |9 468428 
700 0 |a Levine, Jonathan  |e author  |9 468429 
245 1 0 |a Aprendiendo programación para e-commerce con ASP en 21 días 
300 |a 603 p 
942 |c BK 
945 |d 20020404 00:00:00  |a vberengu 
260 |a Ciudad de México  |b Pearson Educación  |c 2001 
500 |a Incluye cd rom 
650 0 |a Comercio electrónico  |9 428366 
650 7 |a ASP  |2 CL-VaPUC  |9 451406 
650 0 |a Páginas web  |9 386845 
650 0 |a Páginas web  |x Diseño  |9 436463 
650 0 |a Lenguajes de programación   |9 259458 
583 |a last modification  |c 20020404 00:00:00  |k Rodrigo Vera 
999 |c 299920  |d 299918 
952 |0 0  |1 0  |4 0  |6 004_600000000000000_WAL_2001  |7 0  |8 A  |9 357003  |a BIBING  |b BIBING  |d 2019-11-21  |i 3803724  |o 004.6 WAL 2001  |p 3803724  |r 2024-01-25  |w 2019-11-21  |y BK  |k ING